|
|
|
|
| LEADER |
01839cas a2200253 a 4500 |
| 001 |
AALejournalIMF006606 |
| 008 |
230101c9999 xx r poo 0 0eng d |
| 020 |
|
|
|c 5.00 USD
|
| 020 |
|
|
|z 9781455202881
|
| 022 |
|
|
|a 1934-7685
|
| 040 |
|
|
|a BD-DhAAL
|c BD-DhAAL
|
| 110 |
2 |
|
|a International Monetary Fund.
|
| 245 |
1 |
0 |
|a Samoa :
|b 2010 Article IV Consultation; Staff Report; Joint World Bank/IMF Debt Sustainability Analysis; Public Information Notice on the Executive Board Discussion; and Statement by the Executive Director for Samoa.
|
| 264 |
|
1 |
|a Washington, D.C. :
|b International Monetary Fund,
|c 2010.
|
| 300 |
|
|
|a 1 online resource (52 pages)
|
| 490 |
1 |
|
|a IMF Staff Country Reports
|
| 500 |
|
|
|a <strong>Off-Campus Access:</strong> No User ID or Password Required
|
| 500 |
|
|
|a <strong>On-Campus Access:</strong> No User ID or Password Required
|
| 506 |
|
|
|a Electronic access restricted to authorized BRAC University faculty, staff and students
|
| 520 |
3 |
|
|a Samoa has suffered severe social and economic shocks. The outlook is challenging and subject to considerable uncertainty. Because of the tsunami's potentially severe impact on tourism, real GDP is likely to contract this financial year. The fiscal strategy to shoulder the rebuilding costs, minimize capacity risks, and ensure fiscal sustainability is appropriate. Prudent management of monetary policy and the basket peg will be critical. The Samoan economy will have to rely on the private sector for growth. Executive Directors welcome the commitment to structural reform.
|
| 538 |
|
|
|a Mode of access: Internet
|
| 650 |
|
7 |
|a International Lending and Debt Problems
|2 imf
|
| 830 |
|
0 |
|a IMF Staff Country Reports; Country Report ;
|v No. 2010/214
|
| 856 |
4 |
0 |
|z Full text available on IMF
|u http://elibrary.imf.org/view/journals/002/2010/214/002.2010.issue-214-en.xml
|z IMF e-Library
|